Online
Catalog

Antología de la pintura dominicana = (Record no. 33651)

MARC details
000 -CABECERA
campo de control de longitud fija 00770nam a2200181 a 4500
001 - NÚMERO DE CONTROL
campo de control 000034160
005 - FECHA Y HORA DE LA ÚLTIMA TRANSACCIÓN
campo de control 20260305073958.0
008 - DATOS DE LONGITUD FIJA--INFORMACIÓN GENERAL
campo de control de longitud fija 110926s1990 dr abc 000 0 spa d
040 ## - FUENTE DE LA CATALOGACIÓN
Centro catalogador/agencia de origen DO-SdBNP
Lengua de catalogación spa
Centro/agencia transcriptor BNPHU
041 17 - CÓDIGO DE LENGUA
Código de lengua del texto/banda sonora o título independiente spa
Fuente del código eng
Código de lengua de la tabla de contenido fre
100 1# - ENTRADA PRINCIPAL--NOMBRE DE PERSONA
Nombre de persona Gerón, Candido,
Fechas asociadas al nombre 1948-
9 (RLIN) 3577
245 10 - MENCIÓN DE TÍTULO
Título Antología de la pintura dominicana =
Resto del título Anthology of Dominican painting= Anthologie de la peinture dominicaine /
Mención de responsabilidad, etc. Cándido Gerón ; traducción al inglés y al francés, Doña Guillermina Nadal.
246 10 - FORMA VARIANTE DE TÍTULO
Título propio/Titulo breve Anthology of Dominican painting
246 10 - FORMA VARIANTE DE TÍTULO
Título propio/Titulo breve Anthologie de la peinture dominicaine
260 ## - PUBLICACIÓN, DISTRIBUCIÓN, ETC.
Lugar de publicación, distribución, etc. Santo Domingo :
Nombre del editor, distribuidor, etc. Editora Tele 3,
Fecha de publicación, distribución, etc. 1990.
300 ## - DESCRIPCIÓN FÍSICA
Extensión 148 p. :
Otras características físicas il., retrs. ;
Dimensiones 30 cm.
500 ## - NOTA GENERAL
Nota general Texto a tres columnas en los idiomas español, francés y inglés
Holdings
Estado de retiro Estado de pérdida No para préstamo Código de colección Localización permanente Ubicación/localización actual Ubicación en estantería Fecha de adquisición Número de inventario Total de préstamos Signatura topográfica completa Código de barras Fecha visto por última vez Precio válido a partir de Tipo de ítem Koha
    Excluido de préstamo Patrimonio Dominicano Patrimonio Dominicano Patrimonio Dominicano Depósito 26.09.2011 LF1   34160-10 25.06.2020 25.06.2020 Libro y Folleto Colección Patrimonio Dominicano

Powered by Koha